Der Mensch als Schöpfer? Entwicklungen in der Humangenetik und die Grenzen menschlicher Selbstbestimmung (Record no. 227231)
[ view plain ]
| 000 -CABECERA | |
|---|---|
| Campo de control de longitud fija | 00504naa a22001217u 4500 |
| 008 - CÓDIGOS DE INFORMACIÓN DE LONGITUD FIJA | |
| Campo de control de longitud fija | 130517b2002 xxu||||| |||| 00| 0 ger d |
| 040 ## - FUENTE DE LA CATALOGACIÓN | |
| Centro catalogador del origen | GER |
| 100 1# - PUNTO DE ACCESO PRINCIPAL-NOMBRE DE PERSONA | |
| Nombre de persona | Schotsmans, Paul T. |
| 9 (RLIN) | 12221 |
| 245 00 - MENCIÓN DE TÍTULO | |
| Título | Der Mensch als Schöpfer? Entwicklungen in der Humangenetik und die Grenzen menschlicher Selbstbestimmung |
| 300 ## - DESCRIPCIÓN FÍSICA | |
| Extensión | 19-31 p. |
| Dimensiones | 26 cm. |
| 773 0# - ENLACE AL DOCUMENTO FUENTE | |
| Título | Wem gehört der Mensch? |
| Encabezamiento principal | SINCLAIR-HAUS GESPRÄCHE |
| Lugar, editor y fecha de publicación | Bad Homburg v.d. Höhe,Herbert Quandt-Stiftung,2002, |
| Parte(s) relacionada(s) | págs. 19-31 |
| Número Internacional Normalizado para Libros (ISBN) | 3-00-008925-X, |
| Número de control del registro relacionado | 70980 |
| 942 ## - ENTRADA DE ELEMENTOS AGREGADOS (KOHA) | |
| Koha [por defecto] tipo de item | Artículo de colaboración |
| Suprimido | Perdido | Estropeado | No para préstamo | Localización permanente | Localización actual | Localización en estantería | Fecha adquisición | Préstamos totales | Signatura completa | Fecha última consulta | Fecha del precio de reemplazo | Tipo de item de Koha |
|---|---|---|---|---|---|---|---|---|---|---|---|---|
| San Esteban | San Esteban | Depósito de libros | 21/05/2013 | 2418 ASS sin | 21/05/2013 | 21/05/2013 | Artículo de colaboración |
